| 000 | 01320nam a2200289 i 4500 | ||
|---|---|---|---|
| 003 | DO-SdBNP | ||
| 005 | 20250207101102.0 | ||
| 007 | ta | ||
| 008 | 240612s2023 dr 000 j spa d | ||
| 020 | _a9789945935349 | ||
| 040 |
_aDO-SdBNP _bspa _cBNPHU _erda |
||
| 082 |
_bT266 _222 |
||
| 100 | 1 |
_aTejera, Eduardo J _b1947- _eautor _910749 |
|
| 245 | 1 | 0 |
_aDe Basilea a la independencia dominicana : _bgrandes cambios de soberanía 1795-1844 / _cEduardo J. Tejera |
| 264 | 1 |
_aSanto Domingo : _bLuz de Luna, _c2023. |
|
| 300 |
_a267 páginas, _c23 cm. |
||
| 336 |
_2rdacontent _atexto _btxt |
||
| 337 |
_2rdamedia _asin mediación _bn |
||
| 338 |
_2rdacarrier _avolumen _bnc |
||
| 500 | _aIncluye datos biografícos del autor en la solapa de la contraportada. | ||
| 500 | _aIncluye índice onomástico. | ||
| 504 | _aBibliografía p: 247-256. | ||
| 505 | 2 |
_tIntroducción -- _tConsecuencias del Tratado de Basilea en 1795 -- _tLa Era de Francia de 1801-1809 -- _tEl período de la España Boba de 1809-1821 -- _tLa Era de la dominación haitiana 1822-1844 -- _tProblemas económicos y sociales -- _tComienzo de separación de Haití -- _tFundación de la República Dominicana -- _tApéndices -- _tBibliografía -- _tÍndice onomástico -- |
|
| 590 | _aInventariado, 2024/ YL | ||
| 910 | _aYLockward | ||
| 942 |
_2ddc _cLBS1 |
||
| 999 |
_c56821 _d56821 |
||